000 00659nam a2200217 i 4500
001 C2-0140045
003 PPAK
005 20180727125043.0
008 971223s my a|||| ||||| | eng d
040 _aPPAK
_beng
_cPPAK
_erda
082 0 4 _a039.992
_223
090 0 0 _a039.992
_bENS
_dR
245 0 0 _aEnsiklopedia dualiran:Bahasa Malaysia & Bahasa Inggeris
_bAstr Bibl
264 1 _aPetaling Jaya, Selangor :
_bPreston Corporation ,
300 _a[pelbagai pages] :
_billustrations ;
_c25 cm
336 _2rdacontent
_atext
337 _2rdamedia
_aunmediated
338 _2rdacarrier
_avolume
650 1 0 _aEncyclopedias and dictionaries
942 _ddc
_cB
999 _c43921
_d43921